| 000 | 00375cam a22001457a 4500 | ||
|---|---|---|---|
| 008 | 180718b1988 xxu||||| |||| 00| 0 eng d | ||
| 020 | _a8170350492 | ||
| 082 | _aY7x54 P926 | ||
| 245 | _aThe preservation of wild life in India | ||
| 260 |
_aDelhi _bDaya _c1988 |
||
| 300 | _a90p. | ||
| 650 | _aZoology - India | ||
| 650 | _aAnimals | ||
| 650 | _aWildlife conservation - India | ||
| 999 |
_c400448 _d400448 |
||